00327pab a2200133 454500008004000000100001700040245003800057260000900095300001200104362000800116650003300124650001700157773001900174180718b2000 xxu||||| |||| 00| 0 eng d aPalmer, Phil aHuman rights and British policing c2000 ap.54-60 aJan aHuman rights - Great Britain aHuman rights aPolice Journal